[Event "Corr"]
[Site "?"]
[Date "1999.11.03"]
[Round "?"]
[White "Timmerman Gert Jan"]
[Black "Tarnowiecki Harald"]
[Result "1/2-1/2"]
[WhiteElo "2738"]
[BlackElo "2676"]
[PlyCount "80"]
[EventDate "1999.??.??"]
[Source "www.chesslib.no"]
[SourceDate "2004.05.04"]

1. e4 e5 2. Nf3 Nc6 3. Bb5 a6 4. Ba4 Nf6 5. O-O b5 6. Bb3 Be7 7. Re1 O-O 8. c3 d5 9. exd5 Nxd5 10. Nxe5 Nxe5 11. Rxe5 c6 12. d4 Bd6 13. Re1 Qh4 14. g3 Qh3 15. Re4 g5 16. Qf3 Bf5 17. Bxd5 cxd5 18. Re3 Be4 19. Rxe4 dxe4 20. Qf6 Qg4 21. Qxg5+ Qxg5 22. Bxg5 f5 23. Nd2 Rae8 24. a4 f4 25. axb5 axb5 26. gxf4 Bxf4 27. Bxf4 Rxf4 28. Re1 Kf7 29. Re3 Kf6 30. Kf1 Kf5 31. Ke2 h5 32. Rg3 Rg4 33. Nf1 Rxg3 34. hxg3 Ra8 35. Ne3+ Kg5 36. Kd2 Ra2 37. Kc2 Ra6 38. Kd2 Ra2 39. Kc2 Ra6 40. Kd2 Ra2 1/2-1/2

[Event "Schach dem Grossmeister"]
[Site "Germany"]
[Date "2004.08.22"]
[Round "?"]
[White "Naiditsch, Arkadij"]
[Black "Kasimdzhanov, Rustam"]
[Result "1-0"]
[WhiteElo "2571"]
[BlackElo "2652"]
[PlyCount "121"]
[EventDate "2004.08.??"]
[Source "Roberto Alvarez"]
[SourceDate "2004.09.06"]

1. e4 e5 2. Nf3 Nc6 3. Bb5 a6 4. Ba4 Be7 5. O-O Nf6 6. Re1 b5 7. Bb3 O-O 8. c3 d5 9. exd5 Nxd5 10. Nxe5 Nxe5 11. Rxe5 c6 12. d3 Bd6 13. Re1 Bf5 14. Qf3 Qh4 15. g3 Qh3 16. Bxd5 cxd5 17. Be3 Bxd3 18. Qxd5 Rad8 19. Qf3 f5 20. Nd2 f4 21. Bd4 fxg3 22. Qd5+ Kh8 23. hxg3 Bf4 24. Qb7 Rxd4 25. cxd4 Bxd2 26. Qf3 Qf5 27. Qxf5 Bxf5 28. Re5 Kg8 29. Rd1 Bb4 30. Rc1 Bd6 31. Rd5 Bb8 32. Re1 h6 33. Re7 Bg4 34. f4 Kh7 35. Kf2 Rc8 36. Rb7 Be6 37. Rc5 Rd8 38. f5 Bxa2 39. f6 Rf8 40. Kg1 Bd6 41. Rxg7+ Kh8 42. Rc6 Rd8 43. Rxa6 Bd5 44. Raa7 Bf8 45. Rgd7 Rxd7 46. Rxd7 Be6 47. Rb7 Kg8 48. Kf2 b4 49. Ke3 Bd5 50. Rd7 Be6 51. Rc7 Bd5 52. Ra7 Be6 53. Ra6 Kf7 54. Kf4 Bc4 55. Rb6 h5 56. Ke5 b3 57. d5 Bh6 58. Rb7+ Kg6 59. d6 Bg5 60. Rg7+ Kh6 61. d7 1-0

[Event "Slovenija"]
[Site "?"]
[Date "2003.??.??"]
[Round "?"]
[White "Palac, M."]
[Black "Beliavsky, A."]
[Result "1-0"]
[WhiteElo "2534"]
[BlackElo "2667"]
[PlyCount "79"]
[EventDate "2003.??.??"]
[Source "Chess Informant"]
[SourceDate "2003.10.01"]

1. e4 e5 2. Nf3 Nc6 3. Bb5 a6 4. Ba4 Nf6 5. O-O Be7 6. Re1 b5 7. Bb3 O-O 8. c3 d5 9. d4 dxe4 10. Nxe5 Bb7 11. Nd2 Nxe5 12. dxe5 Nd7 13. Nxe4 Nxe5 14. Bf4 Nd7 15. Qd3 Bxe4 16. Qxe4 Bd6 17. Bxd6 cxd6 18. Red1 Re8 19. Qf4 Ne5 20. Rd4 Qe7 21. h3 Rab8 22. Rad1 Rb6 23. Qd2 Rd8 24. Re1 Re8 25. Rde4 g5 26. h4 h6 27. f4 gxf4 28. Qxf4 Kg7 29. Qg3+ Kh7 30. Rf1 Rg8 31. Qe3 Rb7 32. Rxf7+ Qxf7 33. Bxf7 Rxf7 34. Rf4 Rfg7 35. Qe4+ Kh8 36. Rf6 Nf7 37. Qf3 Rxg2+ 38. Qxg2 Rxg2+ 39. Kxg2 Kg7 40. Re6 1-0

[Event "JUG-URS"]
[Site "URS"]
[Date "1979.??.??"]
[Round "?"]
[White "Petrosian, Tigran V"]
[Black "Ivkov, Borislav"]
[Result "1/2-1/2"]
[WhiteElo "2610"]
[BlackElo "2525"]
[PlyCount "60"]
[EventDate "1979.??.??"]
[Source "ChessBase"]

1. e4 e5 2. Nf3 Nc6 3. Bb5 a6 4. Ba4 Nf6 5. O-O Be7 6. Re1 b5 7. Bb3 O-O 8. c3 d5 9. d3 dxe4 10. dxe4 Qxd1 11. Bxd1 Bb7 12. Nbd2 Rfd8 13. Bc2 Nd7 14. Nf1 Nc5 15. Ne3 Nd3 16. Bxd3 Rxd3 17. Nd5 Bd6 18. Rf1 f5 19. Ne1 fxe4 20. Ne3 Rd8 21. Nxd3 exd3 22. Nf5 e4 23. Nxd6 Rxd6 24. Bf4 Rd7 25. f3 exf3 26. Rxf3 Ne7 27. Re3 Ng6 28. Bg3 c5 29. Rf1 h5 30. h4 c4 1/2-1/2

[Event "Karadjordje Serbia"]
[Site "Topola"]
[Date "2004.05.08"]
[Round "5"]
[White "Goloshchapov, Alexander"]
[Black "Ivanisevic, Ivan"]
[Result "1/2-1/2"]
[WhiteElo "2569"]
[BlackElo "2550"]
[PlyCount "22"]
[EventDate "2004.05.04"]
[Source "ChessBase"]
[SourceDate "2004.07.27"]

1. e4 e5 2. Nf3 Nc6 3. Bb5 a6 4. Ba4 Nf6 5. O-O Be7 6. Re1 b5 7. Bb3 O-O 8. c3 d5 9. d4 exd4 10. e5 Ne4 11. cxd4 Bb4 1/2-1/2

[Event "Goodricke 13th op"]
[Site "Calcutta"]
[Date "2002.03.22"]
[Round "6"]
[White "Goloshchapov, Alexander"]
[Black "Kuzmin, Alexey"]
[Result "1/2-1/2"]
[WhiteElo "2545"]
[BlackElo "2568"]
[PlyCount "148"]
[EventDate "2002.03.17"]
[Source "ChessBase"]
[SourceDate "2002.03.21"]

1. e4 e5 2. Nf3 Nc6 3. Bb5 a6 4. Ba4 Nf6 5. O-O Be7 6. Re1 b5 7. Bb3 O-O 8. c3 d5 9. d4 exd4 10. e5 Ne4 11. Nxd4 Nxe5 12. Bf4 c5 13. Bxe5 cxd4 14. Bxd4 Bb7 15. Nd2 Bf6 16. Nf1 Bxd4 17. Qxd4 Qf6 18. Rad1 Rfe8 19. f3 Qxd4+ 20. Rxd4 Nf6 21. Kf2 Rxe1 22. Kxe1 h5 23. Ne3 Rd8 24. h4 Kf8 25. g4 Re8 26. Ke2 hxg4 27. fxg4 g6 28. Kf3 Re6 29. g5 Nd7 30. Bxd5 Bxd5+ 31. Rxd5 Ne5+ 32. Kf4 Nc4 33. Nxc4 bxc4 34. Re5 Rd6 35. Re4 Rb6 36. Re2 Rd6 37. Re4 Rb6 38. Re2 Rd6 39. b3 Rd3 40. Ke4 Rxc3 41. Kd4 Rh3 42. bxc4 Rxh4+ 43. Kc5 Rg4 44. Re5 f6 45. gxf6 Kf7 46. Kd5 Rg2 47. Re7+ Kxf6 48. Re6+ Kf5 49. Rxa6 Rd2+ 50. Kc6 g5 51. Ra8 g4 52. a4 g3 53. Rg8 Kf4 54. a5 Ra2 55. Kb5 Rb2+ 56. Kc5 Ra2 57. Kb4 Kf3 58. c5 g2 59. c6 Rc2 60. Kb5 Rb2+ 61. Kc5 Rc2+ 62. Kb6 Rb2+ 63. Kc5 Rc2+ 64. Kd6 Rd2+ 65. Kc7 Rc2 66. Kd7 Rd2+ 67. Kc7 Ra2 68. Kb6 Rb2+ 69. Ka7 Rc2 70. Kb7 Rb2+ 71. Ka6 Rc2 72. Kb6 Rb2+ 73. Kc5 Rc2+ 74. Kd6 Rd2+ 1/2-1/2

[Event "Moscow RUS"]
[Site "?"]
[Date "2004.02.25"]
[Round "9"]
[White "Zhigalko Andrey"]
[Black "Nataf Igor Alexandre"]
[Result "1-0"]
[WhiteElo "2515"]
[BlackElo "2565"]
[PlyCount "61"]
[EventDate "2004.??.??"]
[Source "www.chesslib.no"]
[SourceDate "2004.05.04"]

1. e4 e5 2. Nf3 Nc6 3. Bb5 a6 4. Ba4 Nf6 5. O-O Be7 6. Re1 b5 7. Bb3 O-O 8. c3 d5 9. d4 dxe4 10. Nxe5 Bb7 11. Nd2 Na5 12. Bc2 c5 13. Nxe4 cxd4 14. cxd4 Nxe4 15. Bxe4 Bxe4 16. Rxe4 Qd5 17. Qf3 f5 18. Re1 Qxd4 19. Bf4 Rad8 20. Rad1 Qa7 21. Rxd8 Rxd8 22. Be3 Qb7 23. Qxf5 Qd5 24. Bb6 Bb4 25. Bxd8 Bxe1 26. Qc8 Bxf2+ 27. Kxf2 Qd4+ 28. Kf3 Qd5+ 29. Kf4 Qd4+ 30. Kf5 g6+ 31. Ke6 1-0

[Event "Wichern op 5th"]
[Site "Hamburg"]
[Date "1999.10.17"]
[Round "3.2"]
[White "Kulaots, Kaido"]
[Black "Giorgadze, Giorgi"]
[Result "1/2-1/2"]
[WhiteElo "2478"]
[BlackElo "2602"]
[PlyCount "62"]
[EventDate "1999.10.15"]
[Source "www.chesslib.no"]
[SourceDate "2004.05.04"]

1. e4 e5 2. Nf3 Nc6 3. Bb5 a6 4. Ba4 Nf6 5. O-O Be7 6. Re1 b5 7. Bb3 O-O 8. c3 d5 9. exd5 Nxd5 10. Nxe5 Nxe5 11. Rxe5 Bb7 12. d4 Bf6 13. Re1 c5 14. dxc5 Re8 15. Na3 Qc7 16. Nc2 Qxc5 17. Bd2 Nb6 18. Qg4 h5 19. Qh3 Nc4 20. Be3 Nxe3 21. Rxe3 Rad8 22. Rae1 Rxe3 23. Qxe3 Qc6 24. f3 a5 25. Nd4 Qc5 26. Bc2 g6 27. Nb3 Qxe3+ 28. Rxe3 a4 29. Nd4 Bxd4 30. cxd4 Rxd4 31. Kf2 Kf8 1/2-1/2

[Event "ARG-ch Najdorf mem"]
[Site "Buenos Aires"]
[Date "1999.12.03"]
[Round "12"]
[White "Campora, Daniel Hugo"]
[Black "Spangenberg, Hugo"]
[Result "1/2-1/2"]
[WhiteElo "2543"]
[BlackElo "2531"]
[PlyCount "31"]
[EventDate "1999.11.19"]
[Source "ChessBase"]
[SourceDate "2000.02.01"]

1. e4 e5 2. Nf3 Nc6 3. Bb5 a6 4. Ba4 Nf6 5. O-O b5 6. Bb3 Be7 7. Re1 O-O 8. c3 d5 9. exd5 Nxd5 10. Nxe5 Nxe5 11. Rxe5 Bd6 12. Re1 c6 13. d4 Qh4 14. g3 Qh3 15. Be3 Bg4 16. Qd3 1/2-1/2

[Event "Memorial M.Najdorf (open)"]
[Site "Grodzisk Mazowiecki (Poland)"]
[Date "2007.07.28"]
[Round "9"]
[White "Sulskis Sarunas (LTU)"]
[Black "Malaniuk Vladimir P (UKR)"]
[Result "0-1"]
[WhiteElo "2537"]
[BlackElo "2522"]
[PlyCount "90"]
[EventDate "2007.??.??"]
[Source "www.chesslib.no"]
[SourceDate "2004.05.04"]

1. e4 e5 2. Nf3 Nc6 3. Bb5 a6 4. Ba4 Nf6 5. O-O Be7 6. Re1 b5 7. Bb3 O-O 8. c3 d5 9. d4 exd4 10. e5 Ne4 11. cxd4 Bf5 12. h3 Qd7 13. a3 a5 14. Bd2 Nxd2 15. Nbxd2 a4 16. Bc2 Na5 17. Bxf5 Qxf5 18. e6 fxe6 19. Re5 Qf7 20. Qe2 Bf6 21. Rxe6 Rae8 22. Rxe8 Qxe8 23. Qd3 Nc4 24. Qf5 c6 25. Nxc4 bxc4 26. Re1 Qc8 27. Qc2 c5 28. Rd1 Qc6 29. dxc5 Qxc5 30. Rd2 d4 31. Qxa4 d3 32. Qd7 h6 33. h4 Kh8 34. Qb7 Rd8 35. Rd1 Re8 36. b4 Qf5 37. Qf7 Qe6 38. Qh5 c3 39. g4 c2 40. Rf1 Rf8 41. Kg2 Bb2 42. Re1 Qxe1 43. Nxe1 c1=Q 44. Nxd3 Qc6+ 45. Kg1 Bd4 0-1

[Event "San Bernardino"]
[Site "?"]
[Date "1988.??.??"]
[Round "?"]
[White "Rogers, I."]
[Black "Djuric, S."]
[Result "1-0"]
[WhiteElo "2535"]
[BlackElo "2520"]
[PlyCount "81"]
[EventDate "1988.??.??"]
[Source "ChessBase"]
[SourceDate "1988.07.01"]

1. e4 e5 2. Nf3 Nc6 3. Bb5 a6 4. Ba4 Nf6 5. O-O Be7 6. Re1 b5 7. Bb3 O-O 8. c3 d5 9. exd5 Nxd5 10. Nxe5 Nxe5 11. Rxe5 Bb7 12. d4 Qd7 13. Nd2 Nf4 14. Ne4 Ng6 15. Nc5 Bxc5 16. Rxc5 Rae8 17. Be3 Kh8 18. Rh5 Be4 19. h3 Ne7 20. Re5 f5 21. d5 Ng6 22. Re6 Rd8 23. Bg5 Bxd5 24. Bxd8 Bxe6 25. Qxd7 Bxd7 26. Bxc7 Rc8 27. Bd6 h6 28. Rd1 Kh7 29. f3 a5 30. Bg3 Bc6 31. Bc2 Rf8 32. Bc7 a4 33. Rd6 Be8 34. Rd8 h5 35. Bb6 f4 36. Bc5 Rh8 37. Bd3 Kh6 38. Rb8 h4 39. a3 Kh7 40. Kf2 Kh6 41. Rb6 1-0

[Event "New York op"]
[Site "New York"]
[Date "1987.??.??"]
[Round "?"]
[White "Campora, Daniel Hugo"]
[Black "Djuric, Stefan"]
[Result "0-1"]
[WhiteElo "2550"]
[BlackElo "2465"]
[PlyCount "44"]
[EventDate "1987.04.??"]
[Source "ChessBase"]

1. e4 e5 2. Nf3 Nc6 3. Bb5 a6 4. Ba4 Nf6 5. O-O Be7 6. Re1 b5 7. Bb3 O-O 8. c3 d5 9. exd5 Nxd5 10. a4 Bb7 11. axb5 axb5 12. Rxa8 Bxa8 13. d3 Bf6 14. Qc2 g5 15. d4 exd4 16. Qf5 Nce7 17. Qg4 Ng6 18. cxd4 Ndf4 19. Bxf4 gxf4 20. Nc3 Bxf3 21. Qxf3 Qxd4 22. Nxb5 Qb4 0-1

[Event "Geneve Open"]
[Site "Geneva SUI"]
[Date "1987.??.??"]
[Round "?"]
[White "Nunn, John D M"]
[Black "Nemet, Ivan"]
[Result "1-0"]
[WhiteElo "2585"]
[BlackElo "2390"]
[PlyCount "67"]
[EventDate "1987.??.??"]
[Source "www.chesslib.no"]
[SourceDate "2004.05.04"]

1. e4 e5 2. Nf3 Nc6 3. Bb5 a6 4. Ba4 Nf6 5. O-O Be7 6. Re1 b5 7. Bb3 O-O 8. c3 d5 9. exd5 Nxd5 10. Nxe5 Nxe5 11. Rxe5 Nb6 12. d4 Bd6 13. Bg5 Qd7 14. Re1 Bb7 15. Nd2 Rfe8 16. f3 Rxe1+ 17. Qxe1 a5 18. Ne4 a4 19. Bc2 Bd5 20. Nc5 Qc6 21. Ne4 Bf8 22. Qg3 f5 23. Nc5 Bxc5 24. dxc5 Qxc5+ 25. Kh1 a3 26. bxa3 Qxc3 27. Rc1 Re8 28. h4 c6 29. Bxf5 Qxa3 30. Qc7 Nc4 31. Bd7 Ne3 32. Re1 Qc3 33. Rxe3 Rxe3 34. Qb8+ 1-0

[Event "Frunze"]
[Site "?"]
[Date "1988.??.??"]
[Round "?"]
[White "Kruppa, Y."]
[Black "Vladimirov, E."]
[Result "0-1"]
[WhiteElo "2435"]
[BlackElo "2525"]
[PlyCount "64"]
[EventDate "1988.??.??"]
[Source "ChessBase"]
[SourceDate "1988.01.01"]

1. e4 e5 2. Nf3 Nc6 3. Bb5 a6 4. Ba4 Nf6 5. O-O Be7 6. Re1 b5 7. Bb3 O-O 8. c3 d5 9. d4 exd4 10. e5 Ne4 11. Nxd4 Nxe5 12. f3 c5 13. Bf4 Bf6 14. Bxe5 Bxe5 15. Nc6 Bxh2+ 16. Kxh2 Qh4+ 17. Kg1 Qf2+ 18. Kh2 Qg3+ 19. Kg1 Ng5 20. Kh1 Qh4+ 21. Kg1 Nh3+ 22. gxh3 Bxh3 23. Ne7+ Kh8 24. Re2 Rae8 25. Qe1 Qg5+ 26. Kh2 Rxe7 27. Kxh3 Re6 28. Rxe6 fxe6 29. Qg3 Qc1 30. Qh2 Qf1+ 31. Kh4 Qxf3 32. Na3 g5+ 0-1

[Event "PHI-ch"]
[Site "Quezon City"]
[Date "2001.04.05"]
[Round "4"]
[White "Antonio, Rogelio Jr"]
[Black "Senador, Emmanuel"]
[Result "1-0"]
[WhiteElo "2548"]
[BlackElo "2410"]
[PlyCount "125"]
[EventDate "2001.04.02"]
[Source "ChessBase"]
[SourceDate "2001.05.06"]

1. e4 e5 2. Nf3 Nc6 3. Bb5 a6 4. Ba4 Nf6 5. O-O b5 6. Bb3 Be7 7. Re1 O-O 8. c3 d5 9. exd5 Nxd5 10. Nxe5 Nxe5 11. Rxe5 c6 12. d3 Bd6 13. Re1 Qh4 14. g3 Qh3 15. Re4 Qf5 16. Nd2 Nf6 17. Re1 Ng4 18. Ne4 Bc7 19. f3 Ne5 20. f4 Ng4 21. Qf3 Qh5 22. Qg2 Nh6 23. Nf2 Bd7 24. d4 Rae8 25. Bd2 Qg6 26. Rac1 Kh8 27. Ne4 Bb6 28. h3 c5 29. Nxc5 Bxc5 30. dxc5 Bc6 31. Qf2 Qh5 32. Rxe8 Rxe8 33. Re1 Rxe1+ 34. Bxe1 Qxh3 35. Qh2 Qg4 36. Kf1 Nf5 37. Bf2 Qf3 38. Ke1 Ne3 39. Qg1 Nc4 40. Bxc4 bxc4 41. Qf1 Qe4+ 42. Qe2 Qb1+ 43. Qd1 Qe4+ 44. Kd2 h6 45. Kc1 Qg2 46. Qe1 Be4 47. b3 Qf3 48. Qd2 Qh1+ 49. Be1 Bd5 50. Kb2 Be6 51. Bf2 Qg2 52. Qd4 Kh7 53. Ka3 Kg6 54. bxc4 Kf5 55. Be1 Qe2 56. Bd2 Qxc4 57. Qxc4 Bxc4 58. c6 Ke6 59. Kb4 Bxa2 60. Kc5 a5 61. c4 a4 62. Bb4 g5 63. f5+ 1-0

[Event "FRA Ch"]
[Site "Nantes FRA"]
[Date "1993.??.??"]
[Round "13"]
[White "Koch, Jean-Rene"]
[Black "Hauchard, Arnaud"]
[Result "1/2-1/2"]
[WhiteElo "2500"]
[BlackElo "2450"]
[PlyCount "53"]
[EventDate "1993.08.??"]
[Source "www.chesslib.no"]
[SourceDate "2004.05.04"]

1. e4 e5 2. Nf3 Nc6 3. Bb5 a6 4. Ba4 Nf6 5. O-O Be7 6. Re1 b5 7. Bb3 O-O 8. c3 d5 9. exd5 Nxd5 10. Nxe5 Nxe5 11. Rxe5 Bb7 12. d4 Bf6 13. Re1 Re8 14. Nd2 Nf4 15. Nf3 Bxf3 16. Rxe8+ Qxe8 17. gxf3 Bg5 18. Bxf4 Bxf4 19. Qd3 Qe7 20. Qf5 Bd6 21. Qe4 Re8 22. Qxe7 Rxe7 23. a4 g6 24. axb5 axb5 25. Ra8+ Kg7 26. Rb8 Re2 27. Rxb5 1/2-1/2

[Event "URS-ch U20"]
[Site "Vilnius"]
[Date "1984.??.??"]
[Round "7"]
[White "Sokolov, Andrei"]
[Black "Kharitonov, Andrei Y"]
[Result "1-0"]
[WhiteElo "2495"]
[BlackElo "2455"]
[PlyCount "65"]
[EventDate "1984.01.??"]
[Source "ChessBase"]

1. e4 e5 2. Nf3 Nc6 3. Bb5 a6 4. Ba4 Nf6 5. O-O Be7 6. Re1 b5 7. Bb3 O-O 8. c3 d5 9. exd5 Nxd5 10. Nxe5 Nxe5 11. Rxe5 Bb7 12. Qf3 Bd6 13. Bxd5 c6 14. Re2 cxd5 15. d4 Qc7 16. g3 Rae8 17. Nd2 b4 18. cxb4 Qc2 19. Re3 Bxb4 20. Nf1 Rxe3 21. Nxe3 Qd3 22. Qd1 Qe4 23. f3 Qe6 24. Qb3 Rc8 25. Kf2 Qb6 26. Bd2 a5 27. Bxb4 axb4 28. Rd1 Qh6 29. h4 Re8 30. Ng2 Ba6 31. Qxb4 Re2+ 32. Kg1 g5 33. Re1 1-0

[Event "Corr"]
[Site "?"]
[Date "2000.09.25"]
[Round "?"]
[White "Jones Stephen L.(USA)"]
[Black "Harding Timothy David (IRL)"]
[Result "1/2-1/2"]
[WhiteElo "2537"]
[BlackElo "2409"]
[PlyCount "53"]
[EventDate "2000.??.??"]
[Source "www.chesslib.no"]
[SourceDate "2004.05.04"]

1. e4 e5 2. Nf3 Nc6 3. Bb5 a6 4. Ba4 Nf6 5. O-O Be7 6. Re1 b5 7. Bb3 O-O 8. c3 d5 9. exd5 Nxd5 10. Nxe5 Nxe5 11. Rxe5 Bb7 12. d4 Bf6 13. Re1 Re8 14. Na3 b4 15. Nc4 bxc3 16. Na5 Rb8 17. Nxb7 Rxb7 18. Rxe8+ Qxe8 19. Bxd5 cxb2 20. Rb1 Rb5 21. Bb3 bxc1=Q 22. Rxc1 Qe7 23. d5 Rc5 24. Rb1 g6 25. Qd3 Qd6 26. Re1 Kg7 27. g3 1/2-1/2

[Event "otb"]
[Site "otb"]
[Date "2007.03.21"]
[Round "5"]
[White "Ricardi Pablo"]
[Black "Salas Cristian"]
[Result "1-0"]
[WhiteElo "2527"]
[BlackElo "2418"]
[PlyCount "93"]
[Source "www.chesslib.no"]
[SourceDate "2004.05.04"]

1. e4 e5 2. Nf3 Nc6 3. Bb5 a6 4. Ba4 Nf6 5. O-O Be7 6. Re1 b5 7. Bb3 O-O 8. c3 d5 9. exd5 Nxd5 10. d4 exd4 11. cxd4 Bf5 12. Nc3 Nxc3 13. bxc3 Bf6 14. h3 Na5 15. Bf4 c5 16. Be5 Nxb3 17. axb3 Be7 18. d5 Qd7 19. d6 Bd8 20. Qd5 Qc8 21. Rad1 Ra7 22. b4 Bb6 23. Bxg7 Kxg7 24. d7 Rxd7 25. Qxf5 Rxd1 26. Qg5+ Kh8 27. Qf6+ Kg8 28. Rxd1 Bd8 29. Qe5 cxb4 30. cxb4 Qc6 31. Qf4 Bc7 32. Qg5+ Qg6 33. Qe7 Bb6 34. Rd6 Qb1+ 35. Kh2 Bxf2 36. Qg5+ Kh8 37. Qf6+ Kg8 38. Qg5+ Kh8 39. Qf6+ Kg8 40. Rd5 Be3 41. Re5 Qc1 42. Re4 h5 43. Qe5 Bh6 44. Nd4 Bg7 45. Qg3 Kh7 46. Rh4 Qh6 47. Nf5 1-0

[Event "Clichy"]
[Site "Clichy FRA"]
[Date "1993.??.??"]
[Round "1"]
[White "Apicella, Manuel"]
[Black "Hauchard, Arnaud"]
[Result "0-1"]
[WhiteElo "2495"]
[BlackElo "2450"]
[PlyCount "74"]
[EventDate "1993.??.??"]
[Source "www.chesslib.no"]
[SourceDate "2004.05.04"]

1. e4 e5 2. Nf3 Nc6 3. Bb5 a6 4. Ba4 Nf6 5. O-O Be7 6. Re1 b5 7. Bb3 O-O 8. c3 d5 9. exd5 Nxd5 10. Nxe5 Nxe5 11. Rxe5 Bb7 12. d4 Bf6 13. Re1 Re8 14. Rxe8+ Qxe8 15. Bc2 c5 16. dxc5 Rd8 17. Qf1 Qe7 18. a4 b4 19. c4 Nc7 20. Ra2 Bg5 21. b3 Ne6 22. Nd2 Nf4 23. Nf3 Nh3+ 24. Kh1 Bxc1 25. Qxc1 Nxf2+ 26. Kg1 Nd3 27. Qf1 Qe3+ 28. Kh1 Nxc5 29. Qg1 Qxg1+ 30. Kxg1 Bxf3 31. gxf3 Kf8 32. Kf2 Rd2+ 33. Kg3 Ke7 34. Bb1 Nxb3 35. Kf4 Rxa2 36. Bxa2 Nd2 37. Ke3 b3 0-1

[Event "Wch U20"]
[Site "Mamaia"]
[Date "1991.??.??"]
[Round "?"]
[White "Barcenilla, Rogelio"]
[Black "Mitkov, Nikola"]
[Result "1-0"]
[WhiteElo "2450"]
[BlackElo "2490"]
[PlyCount "103"]
[EventDate "1991.08.??"]
[Source "ChessBase"]

1. e4 e5 2. Nf3 Nc6 3. Bb5 a6 4. Ba4 Nf6 5. O-O b5 6. Bb3 Be7 7. c3 O-O 8. Re1 d5 9. exd5 Nxd5 10. Nxe5 Nxe5 11. Rxe5 c6 12. d4 Bd6 13. Re1 Qh4 14. g3 Qh3 15. Be3 Bg4 16. Qd3 f5 17. Qf1 Qxf1+ 18. Rxf1 f4 19. gxf4 Bxf4 20. Nd2 Bc7 21. a4 Kh8 22. Bxd5 cxd5 23. axb5 axb5 24. Rxa8 Rxa8 25. Nb3 h6 26. Ra1 Rxa1+ 27. Nxa1 Bd1 28. h3 Kh7 29. Kf1 Kg6 30. Ke1 Bf3 31. Nc2 Kh5 32. Na3 b4 33. cxb4 Kh4 34. Nb5 Bb8 35. Nc3 Kxh3 36. b5 Kg4 37. b6 h5 38. Ne2 g5 39. Ng1 Bh1 40. f3+ Kf5 41. Kf2 h4 42. Ne2 Kf6 43. b7 h3 44. f4 g4 45. f5 h2 46. Bf4 Bf3 47. Bxh2 Ba7 48. b8=Q Bxb8 49. Bxb8 Kxf5 50. Nc3 Ke6 51. b4 Kd7 52. b5 1-0

[Event "New York (open)"]
[Site "?"]
[Date "1987.??.??"]
[Round "?"]
[White "London, D."]
[Black "Polgar, Zsu"]
[Result "0-1"]
[WhiteElo "2420"]
[BlackElo "2495"]
[PlyCount "98"]
[EventDate "1987.??.??"]
[Source "ChessBase"]
[SourceDate "1987.01.01"]

1. e4 e5 2. Nf3 Nc6 3. Bb5 a6 4. Ba4 Nf6 5. O-O Be7 6. Re1 b5 7. Bb3 O-O 8. d3 Bb7 9. c3 d5 10. exd5 Nxd5 11. Nxe5 Nxe5 12. Rxe5 Qd7 13. Qf3 Rad8 14. Nd2 c5 15. Qf5 Qxf5 16. Rxf5 Nf6 17. Bc2 Nd7 18. Nf1 g6 19. Rf4 f5 20. d4 c4 21. a4 Ra8 22. Bd2 Rfe8 23. b3 Bg5 24. h4 Bxf4 25. Bxf4 Be4 26. Bd1 Nb6 27. Nd2 Bd5 28. bxc4 Nxc4 29. Nxc4 bxc4 30. Be5 Ra7 31. a5 Rb7 32. Kh2 Rb2 33. Kg3 Re7 34. Ba4 Rd2 35. f3 Rb7 36. Bf4 Re2 37. h5 gxh5 38. Rh1 Rg7+ 39. Kh4 Rexg2 40. Re1 Bxf3 41. Kh3 Ra2 42. Bd1 Bg4+ 43. Bxg4 Rxg4 44. Rf1 Rxa5 45. Be5 f4 46. Rf2 Rb5 47. Rd2 Rb1 48. Kh2 f3 49. d5 Rg2+ 0-1

[Event "BL2-S 9192"]
[Site "GER"]
[Date "1992.??.??"]
[Round "?"]
[White "Haba, Petr"]
[Black "Pirrot, Dieter"]
[Result "1-0"]
[WhiteElo "2515"]
[BlackElo "2380"]
[PlyCount "63"]
[EventDate "1991.10.??"]
[Source "www.chesslib.no"]
[SourceDate "2004.05.04"]

1. e4 e5 2. Nf3 Nc6 3. Bb5 a6 4. Ba4 Nf6 5. O-O Be7 6. Re1 b5 7. Bb3 O-O 8. c3 d5 9. exd5 Nxd5 10. Nxe5 Nxe5 11. Rxe5 Bb7 12. Qf3 Bd6 13. Bxd5 c6 14. Re2 cxd5 15. d4 Qc7 16. g3 Rae8 17. Nd2 b4 18. cxb4 Qc2 19. Re3 Bxb4 20. Nf1 Re4 21. Rb3 Re1 22. Rxb4 Bc8 23. Kg2 Bf5 24. Ne3 Rxe3 25. Qxe3 Be4+ 26. Kh3 h5 27. f3 Qd1 28. Kg2 Re8 29. Bd2 Qxa1 30. fxe4 Qd1 31. e5 Rc8 32. Bc3 1-0

[Event "Vrnjacka Banja"]
[Site "Vrnjacka Banja"]
[Date "1989.??.??"]
[Round "?"]
[White "Ilincic, Zlatko"]
[Black "Hebden, Mark"]
[Result "1-0"]
[WhiteElo "2430"]
[BlackElo "2455"]
[PlyCount "69"]
[EventDate "1989.04.??"]
[Source "ChessBase"]

1. e4 e5 2. Nf3 Nc6 3. Bb5 a6 4. Ba4 Nf6 5. O-O Be7 6. Re1 b5 7. Bb3 O-O 8. c3 d5 9. exd5 Nxd5 10. Nxe5 Nxe5 11. Rxe5 Bb7 12. d4 Qd7 13. Nd2 Nf4 14. f3 Bd6 15. Re1 Nxg2 16. Kxg2 Qg4+ 17. Kh1 Qh3 18. Re2 Rae8 19. d5 c6 20. Rg2 cxd5 21. Bc2 f5 22. Nb3 d4 23. Nxd4 Be5 24. Rf2 Rf6 25. Bd2 g5 26. Bxg5 Bxd4 27. cxd4 Rg6 28. Bd2 Qh4 29. Bb3+ Kf8 30. Bb4+ Kg7 31. Qf1 Re3 32. Re1 Qf4 33. Rxe3 Qxe3 34. d5 Kf7 35. Qe1 1-0

[Event "Vila Real POR, Men Ch 2005"]
[Site "?"]
[Date "2005.08.03"]
[Round "6.5"]
[White "Fernando Diogo"]
[Black "Fernandes Antonio"]
[Result "0-1"]
[WhiteElo "2440"]
[BlackElo "2444"]
[PlyCount "93"]
[EventDate "2005.??.??"]
[Source "www.chesslib.no"]
[SourceDate "2004.05.04"]

1. e4 e5 2. Nf3 Nc6 3. Bb5 a6 4. Ba4 Nf6 5. O-O Be7 6. Re1 b5 7. Bb3 O-O 8. c3 d5 9. d4 exd4 10. e5 Ne4 11. cxd4 Bg4 12. Nc3 Bxf3 13. gxf3 Nxc3 14. bxc3 Qd7 15. f4 f5 16. Qf3 Rad8 17. Kh1 Kh8 18. Rg1 Na5 19. Bc2 Rb8 20. Qh3 Rb6 21. Rg3 Nc4 22. Bd3 Rf7 23. Qh5 Rf8 24. Qe2 Rc6 25. a4 b4 26. cxb4 Bxb4 27. Be3 a5 28. Rgg1 Nxe3 29. fxe3 Rc3 30. Bb5 c6 31. Bd3 c5 32. Bb5 Qe7 33. Rg5 Qe6 34. Rg3 Rc8 35. Rag1 g6 36. Qg2 Kg7 37. Rh3 Rc7 38. Qg5 cxd4 39. Qh6+ Kg8 40. exd4 Rc1 41. Rhg3 Rxg1+ 42. Rxg1 Rc3 43. Qg5 Be7 44. Qg2 Kg7 45. Be2 Rc2 46. Qf3 Qb6 47. Qd3 0-1

[Event "BL2-N 9899"]
[Site "?"]
[Date "1998.10.18"]
[Round "1.1"]
[White "Joecks Christian"]
[Black "Stern Rene"]
[Result "0-1"]
[WhiteElo "2415"]
[BlackElo "2465"]
[PlyCount "62"]
[EventDate "1998.??.??"]
[Source "www.chesslib.no"]
[SourceDate "2004.05.04"]

1. e4 e5 2. Nf3 Nc6 3. Bb5 a6 4. Ba4 Nf6 5. O-O Be7 6. Re1 b5 7. Bb3 O-O 8. c3 d5 9. exd5 Nxd5 10. Nxe5 Nxe5 11. Rxe5 Bb7 12. d4 Bf6 13. Re1 Re8 14. Nd2 Nf4 15. Nf3 Bxf3 16. Rxe8+ Qxe8 17. gxf3 Bg5 18. Bxf4 Bxf4 19. Qd3 Qe7 20. Qf5 Bd6 21. f4 Re8 22. Bd5 g6 23. Qg4 Kh8 24. a4 bxa4 25. Rxa4 Qe1+ 26. Kg2 Re2 27. Qf3 Rxb2 28. Ba2 Rc2 29. Rxa6 Rc1 30. Ra8+ Kg7 31. Qe3 Qh1+ 0-1

[Event "Corr"]
[Site "?"]
[Date "1997.??.??"]
[Round "?"]
[White "Krebs Juergen"]
[Black "Frederiks Rob W"]
[Result "1-0"]
[WhiteElo "2375"]
[BlackElo "2505"]
[PlyCount "37"]
[EventDate "1997.??.??"]
[Source "www.chesslib.no"]
[SourceDate "2004.05.04"]

1. e4 e5 2. Nf3 Nc6 3. Bb5 a6 4. Ba4 Nf6 5. O-O Be7 6. Re1 b5 7. Bb3 O-O 8. c3 d5 9. exd5 Nxd5 10. a4 Bb7 11. axb5 axb5 12. Rxa8 Bxa8 13. Na3 Bxa3 14. bxa3 Qd6 15. Ng5 Nf4 16. d4 Nxg2 17. Nxf7 Rxf7 18. Qf3 Nf4 19. Bxf4 1-0